[Event "Unterfranken-ch69 HT"]
[Site "Schweinfurt"]
[Date "2018.04.07"]
[Round "9"]
[White "Bokov, Igor"]
[Black "Chen, Jiwei"]
[Result "0-1"]
[WhiteElo "741"]
[BlackElo "1062"]
[PlyCount "100"]
[EventDate "2018.04.02"]
[EventType "swiss"]
[EventRounds "9"]
[EventCountry "GER"]
[SourceTitle "EXT 2019"]
[Source "ChessBase"]
[SourceDate "2018.10.10"]
[SourceVersion "1"]
[SourceVersionDate "2018.10.10"]
[SourceQuality "1"]

1. e4 e5 2. Nf3 Nc6 3. Nc3 Bc5 4. Bb5 d6 5. Bxc6+ bxc6 6. d3 h6 7. Na4 Bb6 8. Nxb6 cxb6 9. 0-0 Qf6 10. h3 d5 11. Bd2 Ne7 12. Bb4 Qg6 13. Bxe7 Kxe7 14. Nxe5 Qf6 15. Ng4 Qxb2 16. Ne3 Rd8 17. Qc1 Qf6 18. Qa3+ Ke8 19. exd5 cxd5 20. Rfe1 Be6 21. Ng4 Qd4 22. Re2 Qxa1+ 23. Kh2 Qd1 24. Re3 Qd2 25. Qa4+ Kf8 26. Ne5 Qxf2 27. Rf3 Qc5 28. Qc6 Qxc6 29. Nxc6 Rdc8 30. Ne5 Rxc2 31. Kg3 Rxa2 32. Kh4 Rxg2 33. Rg3 Rxg3 34. Kxg3 b5 35. Nf3 b4 36. Nd2 d4 37. Kf4 b3 38. Ke5 Rd8 39. h4 a5 40. h5 a4 41. Ke4 a3 42. Ke5 a2 43. Ke4 a1Q 44. Ke5 Rd5+ 45. Ke4 Qe1+ 46. Kf4 Qxd2+ 47. Ke4 Qe2+ 48. Kf4 Rf5+ 49. Kg3 Qf2+ 50. Kg4 Rg5# 0-1

[Event "Unterfranken-ch69 HT"]
[Site "Schweinfurt"]
[Date "2018.04.04"]
[Round "5"]
[White "Bokov, Igor"]
[Black "Schalkhaeuser, Linus"]
[Result "0-1"]
[WhiteElo "741"]
[BlackElo "801"]
[PlyCount "80"]
[EventDate "2018.04.02"]
[EventType "swiss"]
[EventRounds "9"]
[EventCountry "GER"]
[SourceTitle "EXT 2019"]
[Source "ChessBase"]
[SourceDate "2018.10.10"]
[SourceVersion "1"]
[SourceVersionDate "2018.10.10"]
[SourceQuality "1"]

1. e4 e5 2. Nf3 Nc6 3. Nc3 Nf6 4. Bc4 Bb4 5. Ng5 0-0 6. 0-0 h6 7. Nf3 Bxc3 8. dxc3 d6 9. Be3 Be6 10. Bxe6 fxe6 11. Nh4 Nxe4 12. Ng6 Rf6 13. Nh4 Qe7 14. f3 Nc5 15. Bxc5 dxc5 16. Rf2 Raf8 17. Qd2 g5 18. Ng6 Rxg6 19. Raf1 Rgf6 20. g3 Qf7 21. f4 exf4 22. gxf4 gxf4 23. Rg2+ Kh8 24. Qf2 Rg8 25. a3 Rxg2+ 26. Qxg2 Rg6 27. Rf2 Rxg2+ 28. Rxg2 f3 29. Rd2 e5 30. b4 cxb4 31. axb4 e4 32. b5 Ne5 33. Rd8+ Kh7 34. Rd5 Qxd5 35. Kf2 Qd2+ 36. Kg3 f2 37. Kh3 f1R 38. Kg3 Qf2+ 39. Kh3 Qf3+ 40. Kh4 Qg4# 0-1

[Event "Unterfranken-ch69 HT"]
[Site "Schweinfurt"]
[Date "2018.04.03"]
[Round "3"]
[White "Gerhard, Philipp"]
[Black "Bokov, Igor"]
[Result "1-0"]
[WhiteElo "964"]
[BlackElo "741"]
[PlyCount "51"]
[EventDate "2018.04.02"]
[EventType "swiss"]
[EventRounds "9"]
[EventCountry "GER"]
[SourceTitle "EXT 2019"]
[Source "ChessBase"]
[SourceDate "2018.10.10"]
[SourceVersion "1"]
[SourceVersionDate "2018.10.10"]
[SourceQuality "1"]

1. e4 e5 2. Nf3 Nc6 3. Bb5 f6 4. 0-0 Nh6 5. d3 Nd4 6. Nxd4 exd4 7. Bxh6 gxh6 8. Bc4 Bg7 9. Qh5+ Ke7 10. Qf7+ Kd6 11. Qxg7 Qg8 12. Bxg8 Rxg8 13. Qxg8 b6 14. Qxh7 Kc6 15. Qxh6 Kb7 16. Qxf6 c6 17. c3 dxc3 18. Nxc3 Kc7 19. e5 Ba6 20. Qd6+ Kb7 21. Qxd7+ Kb8 22. e6 Bxd3 23. Rfd1 Bf5 24. Qxc6 Bxe6 25. Rd8+ Bc8 26. Qxc8# 1-0